2025-2026 Tampa Bay Buccaneers Roster - Statistics

General Stats
  • This quiz has been taken 35 times
  • The average score is 24 of 51
Answer Stats
Position Name % Correct
Quarterback Baker Mayfield
100%
Running Back Bucky Irving
100%
Wide Receiver Mike Evans
100%
Wide Receiver Chris Godwin Jr.
96%
Tight End Cade Otton
93%
Wide Receiver Emeka Egbuka
89%
Running Back Rachaad White
89%
Running Back Sean Tucker
82%
Defensive Lineman Vita Vea
82%
Safety Antoine Winfield Jr.
79%
Linebacker Lavonte David
79%
Offensive Lineman Tristan Wirfs
75%
Quarterback Teddy Bridgewater
71%
Wide Receiver Tez Johnson
71%
Wide Receiver Kameron Johnson
68%
Cornerback Jamel Dean
64%
Wide Receiver Sterling Shepard
64%
Placekicker Chase McLaughlin
61%
Safety Tykee Smith
57%
Linebacker YaYa Diaby
54%
Linebacker Haason Reddick
50%
Cornerback Jacob Parrish
50%
Tight End Devin Culp
46%
Offensive Lineman Graham Barton
46%
Linebacker SirVocea Dennis
43%
Offensive Lineman Luke Goedeke
39%
Tight End Payne Durham
39%
Cornerback Benjamin Morrison
36%
Punter Riley Dixon
36%
Linebacker Anthony Nelson
32%
Offensive Lineman Charlie Heck
29%
Safety Christian Izien
29%
Quarterback Connor Bazelak
29%
Linebacker Deion Jones
29%
Defensive Lineman Logan Hall
25%
Linebacker Anthony Walker Jr.
21%
Offensive Lineman Ben Chukwuma
21%
Linebacker Chris Braswell
21%
Defensive Lineman Elijah Roberts
21%
Defensive Lineman Greg Gaines
21%
Cornerback Josh Hayes
21%
Offensive Lineman Elijah Klein
18%
Wide Receiver Jalen McMillian
18%
Offensive Lineman Luke Haggard
18%
Offensive Lineman Dan Feeney
14%
Defensive Lineman Elijah Simmons
14%
Cornerback Kindle Vildor
14%
Long Snapper Evan Deckers
11%
Linebacker Nick Jackson
11%
Safety Rashad Wisdom
11%
Linebacker John Bullock
7%
No matching quizzes found
Score Distribution
Percent of People with Each Score
Percentile by Number Answered
Your Score History
You have not taken this quiz